The economics of crime
| Beteiligte: | |
|---|---|
| Medienart: | Druck Buch |
| Sprache: | Englisch |
| Veröffentlicht: |
New York [u.a.]
Wiley
1980
|
| In: | Jahr: 1980 |
| Online-Zugang: |
Inhaltsverzeichnis |
| Bestand in Tübingen: | In Tübingen vorhanden. IFK: A II 320 UB: KB 11 A 843 |
| Verfügbarkeit prüfen: | HBZ Gateway |
| Subito Bestelldienst: | Jetzt bestellen. |
| Schlagwörter: |
MARC
| LEADER | 00000cam a2200000 c 4500 | ||
|---|---|---|---|
| 001 | 021818118 | ||
| 003 | DE-627 | ||
| 005 | 20251219205118.0 | ||
| 007 | tu | ||
| 008 | 710101s1980 xxu||||| 00| ||eng c | ||
| 020 | |a 0470268360 |9 0-470-26836-0 | ||
| 020 | |a 0470268379 |9 0-470-26837-9 | ||
| 035 | |a (DE-627)021818118 | ||
| 035 | |a (DE-576)008244936 | ||
| 035 | |a (DE-599)GBV021818118 | ||
| 035 | |a (OCoLC)3893508 | ||
| 035 | |a (OCoLC)59241287 | ||
| 035 | |a (OCoLC)03893508 | ||
| 035 | |a (AT-OBV)AC00766605 | ||
| 035 | |a (DE-604)8036973629 | ||
| 040 | |a DE-627 |b ger |c DE-627 |e rakwb | ||
| 041 | |a eng | ||
| 044 | |c XD-US |c XA-GB |c XE-AU | ||
| 082 | 0 | |a 338.4736422 | |
| 082 | 0 | |a 338.4/7/364 |q OCLC | |
| 084 | |a MS 6380 |2 rvk |0 (DE-625)rvk/123753: | ||
| 084 | |a PH 8240 |2 rvk |0 (DE-625)rvk/136495: | ||
| 245 | 0 | 4 | |a The economics of crime |c ed. by Ralph Andreano ... |
| 264 | 1 | |a New York [u.a.] |b Wiley |c 1980 | |
| 300 | |a VII, 426 S. |b graph. Darst. | ||
| 336 | |a Text |b txt |2 rdacontent | ||
| 337 | |a ohne Hilfsmittel zu benutzen |b n |2 rdamedia | ||
| 338 | |a Band |b nc |2 rdacarrier | ||
| 500 | |a Literaturangaben | ||
| 583 | 1 | |a Archivierung prüfen |c 20240324 |f DE-4165 |z 1 |2 pdager | |
| 655 | 7 | |a Aufsatzsammlung |0 (DE-588)4143413-4 |0 (DE-627)105605727 |0 (DE-576)209726091 |2 gnd-content | |
| 689 | 0 | 0 | |d s |0 (DE-588)4062653-2 |0 (DE-627)106130862 |0 (DE-576)209145358 |a Verbrechen |2 gnd |
| 689 | 0 | 1 | |d s |0 (DE-588)4079351-5 |0 (DE-627)10448361X |0 (DE-576)20921225X |a Wirtschaftstheorie |2 gnd |
| 689 | 0 | |5 DE-101 | |
| 689 | 1 | 0 | |d s |0 (DE-588)4033178-7 |0 (DE-627)10458503X |0 (DE-576)209000511 |a Kriminalität |2 gnd |
| 689 | 1 | 1 | |d s |0 (DE-588)4066399-1 |0 (DE-627)104346884 |0 (DE-576)209164522 |a Wirtschaft |2 gnd |
| 689 | 1 | |5 (DE-627) | |
| 700 | 1 | |a Andreano, Ralph L. |d 1929- |0 (DE-588)13267372X |0 (DE-627)525175172 |0 (DE-576)299333663 |4 oth | |
| 700 | 1 | |8 1\p |a Andreano, Ralph L. |d 1929- |e Hrsg. |0 (DE-588)13267372X |0 (DE-627)525175172 |0 (DE-576)299333663 |4 edt | |
| 856 | 4 | 2 | |u https://swbplus.bsz-bw.de/bsz008244936inh.htm |m B:DE-576;DE-352 |q application/pdf |v 20081203132637 |x Verlag |3 Inhaltsverzeichnis |7 1 |
| 883 | |8 1\p |a cgwrk |d 20241001 |q DE-101 |u https://d-nb.info/provenance/plan#cgwrk | ||
| 935 | |i Blocktest | ||
| 936 | r | v | |a MS 6380 |b Kriminalität, Gefängnis, Erziehungsheim |k Soziologie |k Spezielle Soziologien |k Soziale Probleme |k Kriminalität, Gefängnis, Erziehungsheim |0 (DE-627)1271441438 |0 (DE-625)rvk/123753: |0 (DE-576)201441438 |
| 936 | r | v | |a PH 8240 |b Kriminalpolitik, Kriminalisierung und Entkriminalisierung; Kriminalität / Prävention; Meinung und Einstellung der Bevölkerung zur Kriminalität und Verbrechenskontrolle; Kriminalitätsfurcht; Ökonomik von Kriminalität |k Rechtswissenschaft |k Strafrecht, Strafverfahrensrecht, Kriminologie |k Kriminologie |k Kriminalität und Kriminalpolitik |k Kriminalpolitik, Kriminalisierung und Entkriminalisierung; Kriminalität / Prävention; Meinung und Einstellung der Bevölkerung zur Kriminalität und Verbrechenskontrolle; Kriminalitätsfurcht; Ökonomik von Kriminalität |0 (DE-627)1271677105 |0 (DE-625)rvk/136495: |0 (DE-576)201677105 |
| 951 | |a BO | ||
| ELC | |b 1 | ||
| LOK | |0 000 xxxxxcx a22 zn 4500 | ||
| LOK | |0 001 3162209331 | ||
| LOK | |0 003 DE-627 | ||
| LOK | |0 004 021818118 | ||
| LOK | |0 005 20020606000000 | ||
| LOK | |0 008 910131||||||||||||||||ger||||||| | ||
| LOK | |0 040 |a DE-21 |c DE-627 |d DE-21 | ||
| LOK | |0 852 |a DE-21 | ||
| LOK | |0 852 1 |c KB 11 A 843 |9 00 | ||
| LOK | |0 935 |a krim | ||
| LOK | |0 936ln |a k2.6 | ||
| LOK | |0 939 |a 31-01-91 |b l01 | ||
| LOK | |0 000 xxxxxcx a22 zn 4500 | ||
| LOK | |0 001 3162209404 | ||
| LOK | |0 003 DE-627 | ||
| LOK | |0 004 021818118 | ||
| LOK | |0 005 20020607000000 | ||
| LOK | |0 008 920824||||||||||||||||ger||||||| | ||
| LOK | |0 040 |a DE-21-110 |c DE-627 |d DE-21-110 | ||
| LOK | |0 852 |a DE-21-110 | ||
| LOK | |0 852 1 |c A II 320 |m p |9 00 | ||
| LOK | |0 935 |a k110 | ||
| LOK | |0 936ln |a 1.6 | ||
| LOK | |0 938 |k p | ||
| LOK | |0 939 |a 24-08-92 |b l01 | ||
| ORI | |a SA-MARC-krimdoka001.raw | ||
| SIG | |a IFK: A II 320 | ||
| SIG | |a UB: KB 11 A 843 | ||
